[Event "4NCL"]
[Site "Barcelo Hotel, Hinkley Island,"]
[Date "2011.04.30"]
[Round "9.18"]
[White "Roberson, Peter T"]
[Black "Cernousek, Lukas"]
[Result "1/2-1/2"]
[WhiteElo "2274"]
[BlackElo "2410"]
[PlyCount "91"]
[EventDate "2011.??.??"]
[WhiteTeam "Sambuca Sharks"]
[BlackTeam "The AD's"]

1. e4 c5 2. Nc3 d6 3. f4 g6 4. Nf3 Bg7 5. Bc4 Nc6 6. O-O Nf6 7. d3 O-O 8. Qe1
Nd4 9. Nxd4 cxd4 10. Nd1 d5 11. Bb3 a5 12. a4 dxe4 13. dxe4 Nd7 14. Bc4 Nc5 15.
b3 d3 16. Ra2 dxc2 17. Rxc2 Nxb3 18. Be3 Nd4 19. Rd2 Qc7 20. Bxf7+ Rxf7 21.
Bxd4 Bxd4+ 22. Rxd4 Rxf4 23. Rxf4 e5 24. Nc3 exf4 25. Nb5 Qe7 26. Qd2 Be6 27.
e5 Qc5 28. Qxf4 Rf8 29. Qe3 Bd5 30. h4 Bc6 31. Nd6 Qc2 32. Ne4 Qb1+ 33. Kh2 Rf1
34. Rd8+ Kg7 35. Nf2 Qf5 36. Nh3 Qg4 37. Rd2 Rd1 38. Rf2 Rf1 39. e6 Rxf2 40.
Qxf2 Qe4 41. Qb2+ Kg8 42. Qd2 Qxe6 43. Qd8+ Qe8 44. Qxa5 Bxa4 45. Ng5 Bc6 46.
Qc7 1/2-1/2

[Event "4NCL"]
[Site "Barcelo Hotel, Hinkley Island,"]
[Date "2011.04.30"]
[Round "9.18"]
[White "Richardson, John R"]
[Black "Murphy, Hugh W"]
[Result "1-0"]
[WhiteElo "2307"]
[BlackElo "2191"]
[PlyCount "53"]
[EventDate "2011.??.??"]
[WhiteTeam "The AD's"]
[BlackTeam "Sambuca Sharks"]

1. d4 f5 2. Nf3 e6 3. g3 Nf6 4. Bg2 d5 5. O-O Bd6 6. c4 c6 7. b3 Qe7 8. Ne5 O-O
9. Bb2 Nbd7 10. Nd2 a5 11. f3 Nxe5 12. dxe5 Bc5+ 13. Kh1 Nh5 14. f4 Qf7 15. Bf3
Be3 16. Nb1 g5 17. Qd3 Ba7 18. fxg5 Qg6 19. Nc3 Qxg5 20. cxd5 exd5 21. Nxd5
cxd5 22. Qxd5+ Rf7 23. e6 Nxg3+ 24. hxg3 Qh6+ 25. Kg2 Qxe6 26. Qd8+ Rf8 27.
Qg5+ 1-0

[Event "4NCL"]
[Site "Barcelo Hotel, Hinkley Island,"]
[Date "2011.04.30"]
[Round "9.18"]
[White "Kafka, Graeme"]
[Black "Wheeler, Darren P"]
[Result "0-1"]
[WhiteElo "2075"]
[BlackElo "2236"]
[PlyCount "78"]
[EventDate "2011.??.??"]
[WhiteTeam "Sambuca Sharks"]
[BlackTeam "The AD's"]

1. e4 e6 2. d4 d5 3. e5 c5 4. c3 Nc6 5. Nf3 Qb6 6. a3 c4 7. Nbd2 Na5 8. Be2 Bd7
9. O-O f6 10. Rb1 Nb3 11. Nxb3 Ba4 12. Nfd2 cxb3 13. Nf3 Qc6 14. Bf4 Ne7 15.
Re1 Ng6 16. Bg3 Be7 17. exf6 gxf6 18. Bd3 Kf7 19. Qe2 Rae8 20. h4 Bd6 21. h5
Nf4 22. Bxf4 Bxf4 23. Nh4 Qd6 24. h6 Reg8 25. Qh5+ Kf8 26. Nf5 exf5 27. Bxf5
Bd7 28. Qh3 Bxf5 29. Qxf5 Kf7 30. Re2 Rg5 31. Qh3 Rhg8 32. f3 Bg3 33. Rd1 f5
34. f4 Rg4 35. Qh5+ Qg6 36. Qxg6+ R8xg6 37. Re5 Bxf4 38. Re2 Bd6 39. Rf1 f4 0-1

[Event "4NCL"]
[Site "Barcelo Hotel, Hinkley Island,"]
[Date "2011.04.30"]
[Round "9.18"]
[White "Snape, Ian L"]
[Black "Edgell, Ben P"]
[Result "1/2-1/2"]
[WhiteElo "2241"]
[BlackElo "2109"]
[PlyCount "56"]
[EventDate "2011.??.??"]
[WhiteTeam "The AD's"]
[BlackTeam "Sambuca Sharks"]

1. e4 e5 2. f4 exf4 3. Nf3 Be7 4. Nc3 Nf6 5. Bc4 O-O 6. e5 Ng4 7. O-O d6 8.
exd6 Bxd6 9. d4 Nc6 10. Ne4 h6 11. c3 Re8 12. Nxd6 Qxd6 13. Qb3 Re7 14. Ne5
Ngxe5 15. Bxf4 Qd7 16. Bxe5 Na5 17. Qb5 Nxc4 18. Qxc4 Qe6 19. Qd3 Qg6 20. Qxg6
fxg6 21. Rfe1 Bf5 22. Bg3 Rae8 23. Rxe7 Rxe7 24. Re1 Rxe1+ 25. Bxe1 c6 26. Bg3
g5 27. Bb8 a6 28. Kf2 Kf7 1/2-1/2

[Event "4NCL"]
[Site "Barcelo Hotel, Hinkley Island,"]
[Date "2011.04.30"]
[Round "9.18"]
[White "Purton, Ben J"]
[Black "Anderton, David W"]
[Result "1/2-1/2"]
[WhiteElo "2147"]
[BlackElo "2208"]
[PlyCount "65"]
[EventDate "2011.??.??"]
[WhiteTeam "Sambuca Sharks"]
[BlackTeam "The AD's"]

1. d4 f5 2. Nc3 Nf6 3. Bg5 d5 4. Bxf6 exf6 5. e3 Be6 6. Qf3 Nc6 7. Bd3 Qd7 8.
a3 O-O-O 9. Nge2 g6 10. Nf4 Bf7 11. Bb5 Kb8 12. Nd3 Bd6 13. O-O-O a6 14. Ba4
Bg8 15. b4 b5 16. Bb3 Ne7 17. Nc5 Bxc5 18. dxc5 c6 19. e4 fxe4 20. Nxe4 f5 21.
Nd6 Nc8 22. Nxc8 Kxc8 23. Qf4 Qc7 24. Qxc7+ Kxc7 25. c3 Re8 26. Rhe1 Kd7 27.
Kd2 Rxe1 28. Rxe1 a5 29. Ra1 a4 30. Bc2 Ke7 31. f4 Kf6 32. Re1 Be6 33. Re3
1/2-1/2

[Event "4NCL"]
[Site "Barcelo Hotel, Hinkley Island,"]
[Date "2011.04.30"]
[Round "9.18"]
[White "Swindells, Jonathan E"]
[Black "Russell, Christopher"]
[Result "1/2-1/2"]
[WhiteElo "2170"]
[BlackElo "2089"]
[PlyCount "57"]
[EventDate "2011.??.??"]
[WhiteTeam "The AD's"]
[BlackTeam "Sambuca Sharks"]

1. e4 e6 2. d3 d5 3. Nd2 c5 4. Ngf3 Nc6 5. g3 Bd6 6. Bg2 Nge7 7. O-O O-O 8. Re1
f6 9. Nh4 Rb8 10. f4 f5 11. exf5 exf5 12. Ndf3 b5 13. Ng5 h6 14. Ne6 Bxe6 15.
Rxe6 Qd7 16. Re1 b4 17. c3 bxc3 18. bxc3 d4 19. c4 Rb6 20. Re2 Rfb8 21. Bd2 Rb2
22. Qa4 R8b6 23. Rae1 Kh7 24. g4 fxg4 25. Rxe7 Bxe7 26. Be4+ Kg8 27. Bd5+ Kh7
28. Be4+ Kg8 29. Bd5+ 1/2-1/2

[Event "4NCL"]
[Site "Barcelo Hotel, Hinckley Island"]
[Date "2011.05.01"]
[Round "10.11"]
[White "Adams, Michael"]
[Black "Slavin, Alexei"]
[Result "1-0"]
[WhiteElo "2716"]
[BlackElo "2411"]
[PlyCount "61"]
[EventDate "2011.??.??"]
[WhiteTeam "Pride & Prejudice"]
[BlackTeam "e2e4.org.uk 1"]

1. e4 c5 2. Nf3 g6 3. c3 d5 4. exd5 Qxd5 5. d4 Bg7 6. c4 Qd6 7. d5 Bg4 8. Be2
Nh6 9. Nh4 Qf6 10. Bxg4 Qxh4 11. Qa4+ Kf8 12. Bf3 Nf5 13. O-O Nd4 14. Nd2 Be5
15. g3 Qf6 16. Bg2 Kg7 17. Re1 Qf5 18. Ne4 Nd7 19. Qd1 h5 20. h3 Nb6 21. f4 Bf6
22. g4 hxg4 23. hxg4 Qc8 24. g5 Nxc4 25. gxf6+ exf6 26. b3 Nb6 27. b4 Nxd5 28.
bxc5 Nxf4 29. Qxd4 Nh5 30. Bb2 Qg4 31. Nxf6 1-0

[Event "4NCL"]
[Site "Barcelo Hotel, Hinckley Island"]
[Date "2011.05.01"]
[Round "10.11"]
[White "Ghasi, Ameet K"]
[Black "Tiviakov, Sergei"]
[Result "0-1"]
[WhiteElo "2359"]
[BlackElo "2624"]
[PlyCount "110"]
[EventDate "2011.??.??"]
[WhiteTeam "e2e4.org.uk 1"]
[BlackTeam "Pride & Prejudice"]

1. Nf3 Nf6 2. g3 b6 3. Bg2 Bb7 4. O-O g6 5. d4 Bg7 6. c4 O-O 7. b3 e6 8. Bb2 d6
9. Qc2 c5 10. Nc3 Nc6 11. Rad1 Qe7 12. a3 Rac8 13. e3 cxd4 14. exd4 Na5 15. a4
Rfd8 16. Ba3 a6 17. Qb1 Qc7 18. Rc1 Qb8 19. Rfd1 Bh6 20. Rc2 Ne4 21. Bb4 Nxc3
22. Rxc3 Nc6 23. Ba3 b5 24. axb5 axb5 25. Bc1 Bg7 26. Bg5 Re8 27. Be3 Nb4 28.
Rcc1 Qa8 29. Ne1 Bxg2 30. Nxg2 bxc4 31. bxc4 Rb8 32. Rd2 Rec8 33. Rb2 Nc6 34.
Rxb8 Rxb8 35. Qd3 d5 36. Nf4 Nb4 37. Qe2 dxc4 38. Qxc4 Qe4 39. Qc7 Ra8 40. Qc4
Bf8 41. Bd2 Rd8 42. Bc3 Nd5 43. Nxd5 exd5 44. Qc7 Ra8 45. Qb7 Ra2 46. Qb3 Re2
47. Qb1 Qf3 48. Be1 Bh6 49. Rc3 Qf5 50. Qd1 Ra2 51. Rb3 Kg7 52. Qb1 Re2 53. Kf1
Rc2 54. Kg2 Qe4+ 55. Kh3 Qe6+ 0-1

[Event "4NCL"]
[Site "Barcelo Hotel, Hinckley Island"]
[Date "2011.05.01"]
[Round "10.11"]
[White "Howell, David W L"]
[Black "Hulmes, David I"]
[Result "1-0"]
[WhiteElo "2612"]
[BlackElo "2255"]
[PlyCount "117"]
[EventDate "2011.??.??"]
[WhiteTeam "Pride & Prejudice"]
[BlackTeam "e2e4.org.uk 1"]

1. e4 e5 2. Nf3 Nc6 3. Bc4 Bc5 4. c3 Nf6 5. d3 a6 6. Bb3 Ba7 7. h3 d6 8. Nbd2
h6 9. Nf1 Ne7 10. Nh4 Ng6 11. Nxg6 fxg6 12. Ng3 Qe7 13. d4 Be6 14. Be3 O-O 15.
O-O Kh7 16. Bc2 Kh8 17. f4 Nh7 18. Qd3 Qh4 19. Ne2 Rad8 20. d5 Bxe3+ 21. Qxe3
Bd7 22. fxe5 dxe5 23. c4 Qg5 24. Qxg5 Nxg5 25. b4 Kg8 26. a4 Rf6 27. Nc3 Rdf8
28. Bd3 Rxf1+ 29. Bxf1 Rf4 30. Re1 Kf8 31. Re3 Ke7 32. c5 Kd8 33. Bd3 Nh7 34.
Re2 g5 35. Rf2 h5 36. Bf1 Rf6 37. g3 g4 38. h4 Rxf2 39. Kxf2 g5 40. hxg5 Nxg5
41. Be2 Nf7 42. a5 Kc8 43. c6 Be8 44. Na4 bxc6 45. Bxa6+ Kb8 46. Nc5 Nd6 47.
Bd3 cxd5 48. exd5 Bf7 49. Nd7+ Ka7 50. Nxe5 Bxd5 51. Ke3 Nf7 52. Nd7 Nd8 53.
Nf6 Bf7 54. Be4 Ka6 55. Kd4 Kb5 56. Ke5 c5 57. Kd6 cxb4 58. Ke7 b3 59. Bb1 {
time} 1-0

[Event "4NCL"]
[Site "Barcelo Hotel, Hinckley Island"]
[Date "2011.05.01"]
[Round "10.11"]
[White "Zhou, Yang-Fan"]
[Black "Hebden, Mark L"]
[Result "0-1"]
[WhiteElo "2323"]
[BlackElo "2546"]
[PlyCount "118"]
[EventDate "2011.??.??"]
[WhiteTeam "e2e4.org.uk 1"]
[BlackTeam "Pride & Prejudice"]

1. e4 e5 2. Nf3 Nc6 3. d4 exd4 4. Nxd4 Nf6 5. Nxc6 bxc6 6. e5 Qe7 7. Qe2 Nd5 8.
c4 Nb6 9. Nc3 a5 10. f4 a4 11. Be3 Qb4 12. a3 Qb3 13. Rc1 Ba6 14. Bxb6 Qxb6 15.
Nxa4 Qb3 16. Nc3 Rb8 17. Nd1 Qa2 18. Rc3 Be7 19. f5 Bc5 20. Rg3 Qb1 21. Rxg7
Qxf5 22. h4 Rb3 23. Rg5 Qb1 24. Rh3 Rxh3 25. gxh3 Be7 26. Rg4 h5 27. Qe4 Qc1
28. Rg2 Kf8 29. Be2 Bc8 30. Rf2 Qh6 31. Ne3 Rg8 32. Kd1 d6 33. Nf5 Rg1+ 34. Kc2
Qc1+ 35. Kb3 Be6 36. exd6 cxd6 37. Nd4 Rg3+ 38. Rf3 Rxf3+ 39. Qxf3 Bd7 40. Ka2
Qd2 41. Bd3 Bxh4 42. Bg6 Be8 43. Nb3 Qg5 44. Bxh5 Qe5 45. a4 d5 46. Qe2 Qf4 47.
Qg4 Qf2 48. a5 f5 49. Qd4 Bxh5 50. Qc5+ Qxc5 51. Nxc5 Bf2 52. Nd3 Ba7 53. cxd5
Bf7 54. b4 Bxd5+ 55. Kb2 Bd4+ 56. Kc1 f4 57. Kd2 f3 58. a6 f2 59. Ke2 Bc4 0-1

[Event "4NCL"]
[Site "Barcelo Hotel, Hinckley Island"]
[Date "2011.05.01"]
[Round "10.11"]
[White "Jones, Gawain CB"]
[Black "Jackson, James P"]
[Result "1-0"]
[WhiteElo "2578"]
[BlackElo "2153"]
[PlyCount "77"]
[EventDate "2011.??.??"]
[WhiteTeam "Pride & Prejudice"]
[BlackTeam "e2e4.org.uk 1"]

1. e4 c5 2. Nf3 Nc6 3. Bb5 Na5 4. c3 a6 5. Ba4 b5 6. Bc2 Bb7 7. O-O Rc8 8. d4
cxd4 9. cxd4 Qc7 10. Bd3 Nf6 11. Nbd2 g6 12. Re1 Bg7 13. a4 b4 14. Qe2 Qb6 15.
b3 O-O 16. Nc4 Nxc4 17. bxc4 a5 18. e5 Ne8 19. d5 d6 20. Bg5 Qc7 21. exd6 exd6
22. Be7 Bxa1 23. Rxa1 Ng7 24. Bxf8 Rxf8 25. Qe3 Re8 26. Qh6 f6 27. h4 Bc8 28.
Nd4 Qb6 29. Nb3 Bf5 30. Qd2 Bxd3 31. Qxd3 f5 32. c5 dxc5 33. d6 Re4 34. Qd5+
Ne6 35. d7 c4 36. Nxa5 Rd4 37. d8=Q+ Qxd8 38. Qxe6+ Kf8 39. Qe1 1-0

[Event "4NCL"]
[Site "Barcelo Hotel, Hinckley Island"]
[Date "2011.05.01"]
[Round "10.11"]
[White "Ward, Chris G"]
[Black "Norinkeviciute, Rasa"]
[Result "1-0"]
[WhiteElo "2449"]
[BlackElo "2025"]
[PlyCount "145"]
[EventDate "2011.??.??"]
[WhiteTeam "Pride & Prejudice"]
[BlackTeam "e2e4.org.uk 1"]

1. c4 Nf6 2. Nc3 c5 3. Nf3 Nc6 4. d4 cxd4 5. Nxd4 g6 6. e4 d6 7. Be2 Bg7 8. Nc2
b6 9. O-O O-O 10. Bg5 h6 11. Bh4 Bb7 12. Qd2 Kh7 13. Ne3 a6 14. Ned5 Nxd5 15.
exd5 Nd4 16. Bd3 Bc8 17. Rfe1 Ra7 18. Ne2 Nxe2+ 19. Rxe2 f5 20. f4 Rb7 21. Rae1
Rf7 22. Bf2 Bf6 23. Re3 Qh8 24. Bf1 Bd7 25. Rb3 Qb8 26. Bd4 Bg7 27. Bxg7 Rxg7
28. Qd4 Bc8 29. Ree3 Qc7 30. Rh3 h5 31. Rbg3 e5 32. dxe6 Bxe6 33. Ra3 a5 34.
Rhe3 Bg8 35. Kf2 Qc5 36. Qxc5 dxc5 37. Rab3 Ra7 38. Red3 Rge7 39. Rd6 Re6 40.
Rbd3 Kg7 41. Rd7+ Rxd7 42. Rxd7+ Kf6 43. Rb7 Rd6 44. Be2 Be6 45. b3 Bd7 46. Bf3
a4 47. bxa4 Bxa4 48. Kg3 Bd7 49. Kh4 Be8 50. g3 Bd7 51. Rb8 Be6 52. Bd5 Bxd5
53. cxd5 c4 54. a4 c3 55. Rc8 Rxd5 56. Rxc3 Rd6 57. Rc7 Re6 58. Rb7 Rd6 59. Rc7
Re6 60. Ra7 Re2 61. Kh3 Re4 62. Ra6 Re6 63. Kh4 Ke7 64. Kg5 Rd6 65. Ra7+ Kf8
66. Kh6 Rf6 67. Rg7 Rc6 68. Rxg6 Rc4 69. Rxb6 Rxa4 70. Kxh5 Ra2 71. Kg6 Rxh2
72. Kxf5 Rh5+ 73. Kg6 1-0

[Event "4NCL"]
[Site "Barcelo Hotel, Hinckley Island"]
[Date "2011.05.01"]
[Round "10.12"]
[White "Hunt, Adam C"]
[Black "McShane, Luke J"]
[Result "1/2-1/2"]
[WhiteElo "2436"]
[BlackElo "2683"]
[PlyCount "64"]
[EventDate "2011.??.??"]
[WhiteTeam "Betsson.com"]
[BlackTeam "Wood Green Hilsmark 1"]

1. e4 g6 2. d4 Bg7 3. Nc3 a6 4. Be3 b5 5. Qd2 d6 6. a4 b4 7. Nce2 a5 8. Ng3 h5
9. h4 Nf6 10. Nf3 Ng4 11. Bc4 Ba6 12. Bxa6 Nxa6 13. O-O c5 14. Rad1 O-O 15. b3
Rc8 16. Qe2 Qb6 17. d5 Nb8 18. Nd2 Nd7 19. Bg5 Rce8 20. Rfe1 Nde5 21. Nc4 Nxc4
22. Qxc4 Ne5 23. Qe2 c4 24. Be3 Qc7 25. Qd2 Rc8 26. Ne2 cxb3 27. cxb3 Qc2 28.
Qxc2 Rxc2 29. Nd4 Rb2 30. Bc1 Ra2 31. Bg5 Re8 32. Re2 Rxe2 1/2-1/2

[Event "4NCL"]
[Site "Barcelo Hotel, Hinckley Island"]
[Date "2011.05.01"]
[Round "10.12"]
[White "Berg, Emanuel"]
[Black "Ledger, Andrew J"]
[Result "1-0"]
[WhiteElo "2612"]
[BlackElo "2429"]
[PlyCount "67"]
[EventDate "2011.??.??"]
[WhiteTeam "Wood Green Hilsmark 1"]
[BlackTeam "Betsson.com"]

1. e4 d5 2. exd5 Qxd5 3. Nc3 Qd6 4. d4 Nf6 5. Bc4 c6 6. Nge2 Bf5 7. Bf4 Qd8 8.
Ng3 Bg6 9. h4 h6 10. h5 Bh7 11. d5 cxd5 12. Nxd5 Nxd5 13. Bxd5 Nc6 14. Bxc6+
bxc6 15. Qg4 Qa5+ 16. c3 Qb5 17. a4 Qc4 18. Rd1 e6 19. Rd4 Qa6 20. b4 c5 21. b5
Qb7 22. Rd2 Qxg2 23. Bxh6 Bf5 24. Qf4 gxh6 25. f3 Bd6 26. Qxd6 Qxf3 27. Rf1
Qe3+ 28. Kd1 Bg4+ 29. Kc2 f5 30. Qc6+ Kf7 31. Rd7+ Kf6 32. Ne4+ Ke5 33. Qd5+
exd5 34. Re7# 1-0

[Event "4NCL"]
[Site "Barcelo Hotel, Hinckley Island"]
[Date "2011.05.01"]
[Round "10.12"]
[White "Ansell, Simon T"]
[Black "Petrov, Marijan"]
[Result "1/2-1/2"]
[WhiteElo "2427"]
[BlackElo "2534"]
[PlyCount "50"]
[EventDate "2011.??.??"]
[WhiteTeam "Betsson.com"]
[BlackTeam "Wood Green Hilsmark 1"]

1. e4 c5 2. Nf3 e6 3. d4 cxd4 4. Nxd4 Nf6 5. Bd3 Nc6 6. Be3 e5 7. Nxc6 dxc6 8.
O-O Ng4 9. Bd2 Bc5 10. h3 Nf6 11. a4 O-O 12. Na3 Be6 13. Qe2 Qe7 14. Rfb1 a5
15. Nc4 Bxc4 16. Bxc4 Rfd8 17. Be1 Rd4 18. Bd3 Qc7 19. c3 Rd6 20. Bc2 Rad8 21.
Rd1 Ba7 22. Rxd6 Rxd6 23. Rd1 Nd7 24. Rxd6 Qxd6 25. g3 g6 1/2-1/2

[Event "4NCL"]
[Site "Barcelo Hotel, Hinckley Island"]
[Date "2011.05.01"]
[Round "10.12"]
[White "Hammer, Jon Ludvig"]
[Black "Baker, Chris W"]
[Result "1-0"]
[WhiteElo "2606"]
[BlackElo "2290"]
[PlyCount "63"]
[EventDate "2011.??.??"]
[WhiteTeam "Wood Green Hilsmark 1"]
[BlackTeam "Betsson.com"]

1. d4 d5 2. c4 c6 3. Nf3 Nf6 4. Nc3 dxc4 5. a4 Bf5 6. Ne5 e6 7. f3 Bb4 8. e4
Bg6 9. Bxc4 Nbd7 10. Nd3 Nb6 11. Nxb4 Nxc4 12. b3 Na5 13. Rb1 Nd7 14. Nd3 a6
15. Ba3 b5 16. O-O Qb6 17. Ne2 e5 18. Nxe5 Nxe5 19. Bc5 Nxf3+ 20. gxf3 Qd8 21.
axb5 axb5 22. Bb4 Nb7 23. Qc1 Qc7 24. Qe3 f6 25. Rbc1 Qb6 26. f4 Ra2 27. Rfe1
Kf7 28. f5 Bh5 29. Nf4 g6 30. e5 Rg8 31. exf6 gxf5+ 32. Kh1 1-0

[Event "4NCL"]
[Site "Barcelo Hotel, Hinckley Island"]
[Date "2011.05.01"]
[Round "10.12"]
[White "Webb, Laurence E"]
[Black "Pert, Nicholas"]
[Result "1/2-1/2"]
[WhiteElo "2307"]
[BlackElo "2570"]
[PlyCount "165"]
[EventDate "2011.??.??"]
[WhiteTeam "Betsson.com"]
[BlackTeam "Wood Green Hilsmark 1"]

1. e4 e6 2. d4 d5 3. exd5 exd5 4. Nf3 Nc6 5. Bb5 Bd6 6. c4 dxc4 7. d5 a6 8. Ba4
b5 9. dxc6 bxa4 10. O-O Ne7 11. Nbd2 O-O 12. Nxc4 Nxc6 13. Qxa4 Bb7 14. Nxd6
cxd6 15. Bg5 Qe8 16. Rfe1 Ne5 17. Qxe8 Nxf3+ 18. gxf3 Rfxe8 19. Bf4 d5 20.
Rxe8+ Rxe8 21. Be3 h6 22. Rc1 Re6 23. h3 Bc6 24. Kh2 Bb5 25. Bd4 Kh7 26. Rg1 f6
27. Kg3 Re2 28. Bc3 Bc4 29. a3 Kg6 30. Re1 Rxe1 31. Bxe1 d4 32. f4 Kf5 33. f3
Ke6 34. Kf2 h5 35. h4 Kf5 36. Bd2 Bd3 37. Ke1 Bb5 38. Kf2 Ke6 39. Bb4 Kd5 40.
b3 Bd3 41. Bf8 g6 42. Ke1 Bc2 43. b4 Ba4 44. Be7 f5 45. Kd2 Bb5 46. Bf6 Kc4 47.
Be5 Bc6 48. Bg7 Bxf3 49. Bf6 Bc6 50. Be7 Bb5 51. Bf6 Kd5 52. Bg5 Bd7 53. Bf6
Kc4 54. Be7 Be8 55. Bf6 Bb5 56. Be5 d3 57. Bf6 Kb3 58. Be5 Kxa3 59. Kc3 Ka4 60.
Bd4 d2 61. Kxd2 Kxb4 62. Bf6 Kb3 63. Bd8 Bc6 64. Kc1 Be4 65. Kd2 Kb2 66. Bf6+
Ka3 67. Be7+ Kb3 68. Bd8 Bc2 69. Kc1 Bd3 70. Kd2 Be4 71. Kc1 Kb4 72. Kb2 a5 73.
Be7+ Kc4 74. Bg5 a4 75. Ka1 Kb3 76. Bf6 a3 77. Bg5 Bd5 78. Bf6 Kc2 79. Bg5 Kd3
80. Kb1 Kd2 81. Ka1 Kc2 82. Bf6 g5 83. Bxg5 1/2-1/2

[Event "4NCL"]
[Site "Barcelo Hotel, Hinckley Island"]
[Date "2011.05.01"]
[Round "10.12"]
[White "Arakhamia-Grant, Ketevan E"]
[Black "Ledger, Dave J"]
[Result "1-0"]
[WhiteElo "2458"]
[BlackElo "2271"]
[PlyCount "57"]
[EventDate "2011.??.??"]
[WhiteTeam "Wood Green Hilsmark 1"]
[BlackTeam "Betsson.com"]

1. e4 e5 2. Nf3 Nc6 3. Bb5 a6 4. Ba4 Nf6 5. d3 b5 6. Bb3 Be7 7. Nbd2 d6 8. c3
O-O 9. Nf1 a5 10. a4 b4 11. Ne3 Rb8 12. O-O Be6 13. Nd5 Qd7 14. Bc4 Na7 15. Be3
Nc8 16. cxb4 axb4 17. d4 Bxd5 18. exd5 e4 19. Ne5 dxe5 20. dxe5 Qf5 21. exf6
Bxf6 22. Qd2 Rd8 23. a5 c6 24. a6 cxd5 25. Ra5 dxc4 26. Qxd8+ Bxd8 27. Rxf5 Ra8
28. a7 Bf6 29. Rb5 1-0

[Event "4NCL"]
[Site "Barcelo Hotel, Hinckley Island"]
[Date "2011.05.01"]
[Round "10.12"]
[White "Ledger, Stephen C"]
[Black "Cramling, Pia"]
[Result "0-1"]
[WhiteElo "2060"]
[BlackElo "2484"]
[PlyCount "66"]
[EventDate "2011.??.??"]
[WhiteTeam "Betsson.com"]
[BlackTeam "Wood Green Hilsmark 1"]

1. e4 c5 2. Nc3 a6 3. f4 b5 4. Nf3 Bb7 5. d3 e6 6. Qe2 Be7 7. g3 d5 8. Bg2 Nf6
9. e5 Nfd7 10. O-O g6 11. Nd1 Nc6 12. Be3 d4 13. Bd2 Nb6 14. Nf2 Nd5 15. Ne4
Qd7 16. a3 h6 17. Rfc1 Rc8 18. g4 Qc7 19. Rf1 Rd8 20. Rae1 Kd7 21. Rc1 Kc8 22.
c4 dxc3 23. bxc3 Nb6 24. Be3 Na5 25. Nfd2 c4 26. Qf2 Na4 27. dxc4 Nxc4 28. Nxc4
Qxc4 29. Nd2 Qd3 30. Bxb7+ Kxb7 31. c4 Bxa3 32. cxb5 Bxc1 33. bxa6+ Ka8 0-1

[Event "4NCL"]
[Site "Barcelo Hotel, Hinckley Island"]
[Date "2011.05.01"]
[Round "10.12"]
[White "Tissir, Mohamed"]
[Black "Yurenok, Maria S"]
[Result "1-0"]
[WhiteElo "2464"]
[BlackElo "2100"]
[PlyCount "113"]
[EventDate "2011.??.??"]
[WhiteTeam "Wood Green Hilsmark 1"]
[BlackTeam "Betsson.com"]

1. e4 c5 2. Nf3 e6 3. d4 cxd4 4. Nxd4 Nc6 5. Nc3 Qc7 6. f4 a6 7. Nxc6 bxc6 8.
Bd3 d5 9. Qe2 Nf6 10. O-O Be7 11. b3 Bb7 12. Bb2 O-O 13. Rae1 Bb4 14. a3 Bxc3
15. Bxc3 Nxe4 16. Bxe4 dxe4 17. Qxe4 c5 18. Qe3 Qc6 19. Rf2 Rad8 20. h3 Rd5 21.
Rfe2 Bc8 22. Be5 c4 23. b4 f6 24. Bd4 Rfd8 25. c3 Qa4 26. Bb6 R8d6 27. Bc5 Rd8
28. Qe4 Qb5 29. a4 Qxa4 30. Qxc4 Qb5 31. Qa2 Qe8 32. Kh2 Qf7 33. Bb6 R8d6 34.
c4 Rd1 35. c5 Rxe1 36. Rxe1 Rd4 37. Qb2 Rd5 38. b5 axb5 39. Qxb5 e5 40. fxe5
Rxe5 41. Rd1 Re8 42. c6 Qe6 43. Bc7 g5 44. Bg3 Kg7 45. Rd6 Qf5 46. Rd5 Qe6 47.
Qc5 Kg6 48. Rd6 Qe4 49. Qc3 Qf5 50. Rd2 Qe4 51. Rd4 Qe2 52. Rd6 Re6 53. Rd8 Re8
54. Rd6 Re6 55. Qb3 Kg7 56. Rd8 Re8 57. Rxc8 1-0

[Event "4NCL"]
[Site "Barcelo Hotel, Hinckley Island"]
[Date "2011.05.01"]
[Round "10.13"]
[White "Turner, Matthew J"]
[Black "Conquest, Stuart C"]
[Result "1/2-1/2"]
[WhiteElo "2517"]
[BlackElo "2529"]
[PlyCount "101"]
[EventDate "2011.??.??"]
[WhiteTeam "Barbican 4NCL 1"]
[BlackTeam "Guildford A&DC 1"]

1. e4 c5 2. Nc3 e6 3. g3 Nc6 4. Bg2 Nf6 5. Nge2 d6 6. O-O Be7 7. b3 O-O 8. Bb2
a6 9. h3 Qc7 10. d3 b5 11. Qd2 Bb7 12. Nd1 d5 13. exd5 Nxd5 14. Ndc3 Nxc3 15.
Bxc3 Rad8 16. Rae1 h6 17. Qf4 Bd6 18. Qc1 Ne7 19. Ba5 Qxa5 20. Bxb7 Rd7 21. Bg2
Be5 22. a3 Rfd8 23. Qe3 Bf6 24. Qc1 Nf5 25. Nf4 Bc3 26. Re4 Nd6 27. Re2 Qb6 28.
Kh2 Nf5 29. Re4 Nd6 30. Re2 Qc7 31. h4 Nf5 32. Re4 Nd6 33. Re2 a5 34. Bh3 Re7
35. Qe3 Bd4 36. Qf3 Qa7 37. Kg2 a4 38. bxa4 Qxa4 39. c3 Bf6 40. d4 cxd4 41.
cxd4 Bxd4 42. Rb1 Qa7 43. Rb3 e5 44. Nd5 Ree8 45. Nc3 Qa6 46. Kg1 b4 47. Ne4
Nb5 48. Rxb4 Ba7 49. Ra2 Nd4 50. Qh5 Rb8 51. Bf1 1/2-1/2

[Event "4NCL"]
[Site "Barcelo Hotel, Hinckley Island"]
[Date "2011.05.01"]
[Round "10.13"]
[White "Brunner, Nicolas"]
[Black "Cox, John J"]
[Result "1/2-1/2"]
[WhiteElo "2478"]
[BlackElo "2407"]
[PlyCount "165"]
[EventDate "2011.??.??"]
[WhiteTeam "Guildford A&DC 1"]
[BlackTeam "Barbican 4NCL 1"]

1. d4 e6 2. c4 Bb4+ 3. Bd2 Bxd2+ 4. Qxd2 d5 5. e3 Nf6 6. Nc3 O-O 7. Rc1 dxc4 8.
Bxc4 Qe7 9. Nf3 Rd8 10. Qe2 c5 11. dxc5 Qxc5 12. O-O Nc6 13. a3 Bd7 14. b4 Qe7
15. e4 Be8 16. e5 Nd7 17. Qe4 Rac8 18. Nb5 Nb6 19. Bd3 g6 20. Nd6 Rc7 21. Bb5
Nd5 22. Nxb7 Rxb7 23. Bxc6 Bxc6 24. Rxc6 a5 25. bxa5 Qxa3 26. Qh4 Qxa5 27. Qh6
Qa4 28. Rfc1 Ne7 29. Rd6 Rdb8 30. Rd4 Nf5 31. Qxh7+ Kxh7 32. Rxa4 Rb1 33. Ra1
Rxa1 34. Rxa1 Rb4 35. h3 Rb7 36. g4 Ne7 37. Kg2 Nd5 38. Ra4 Kg7 39. Rc4 Rb2 40.
Kg3 Rb3 41. h4 Ra3 42. Rd4 g5 43. hxg5 Kg6 44. Re4 Kg7 45. Kg2 Kg6 46. Rd4 Ne7
47. Ng1 Kxg5 48. Nh3+ Kg6 49. Nf4+ Kg5 50. Nh3+ Kg6 51. f3 Nd5 52. Nf4+ Nxf4+
53. Rxf4 Re3 54. Rf6+ Kg7 55. f4 Ra3 56. g5 Rb3 57. Kf2 Ra3 58. g6 fxg6 59.
Rxe6 Kf7 60. Rf6+ Kg7 61. Rd6 Kf7 62. Rd7+ Kf8 63. Kg2 g5 64. f5 Ra5 65. Kg3
Rxe5 66. Kg4 Re7 67. Rd6 Ra7 68. Kh5 Kg7 69. Kxg5 Rb7 70. Rc6 Ra7 71. Rg6+ Kf7
72. Rh6 Ra1 73. Rh7+ Kg8 74. Re7 Kf8 75. Kf6 Ra6+ 76. Re6 Ra7 77. Rd6 Rf7+ 78.
Kg5 Rg7+ 79. Kh6 Rg1 80. Rf6+ Ke7 81. Rg6 Rf1 82. Rg5 Kf6 83. Rh5 1/2-1/2

[Event "4NCL"]
[Site "Barcelo Hotel, Hinckley Island"]
[Date "2011.05.01"]
[Round "10.13"]
[White "D'Costa, Lorin AR"]
[Black "Cherniaev, Alexander"]
[Result "1/2-1/2"]
[WhiteElo "2441"]
[BlackElo "2446"]
[PlyCount "103"]
[EventDate "2011.??.??"]
[WhiteTeam "Barbican 4NCL 1"]
[BlackTeam "Guildford A&DC 1"]

1. d4 Nf6 2. c4 d6 3. Nf3 g6 4. Nc3 Bf5 5. g3 Ne4 6. Nxe4 Bxe4 7. Bg2 Bg7 8.
O-O O-O 9. Be3 Nd7 10. Qd2 c5 11. Rfd1 Bxf3 12. Bxf3 cxd4 13. Bxd4 Bxd4 14.
Qxd4 Qc7 15. e3 a6 16. Rac1 Rfc8 17. Rc3 Rab8 18. Be2 Qc5 19. a3 Nf6 20. b4 Qf5
21. f3 Rc7 22. e4 Qe6 23. Re3 Nd7 24. f4 b5 25. cxb5 axb5 26. Qd5 Nf8 27. e5
dxe5 28. Qxe6 Nxe6 29. Rxe5 Rc3 30. Rd3 Rxd3 31. Bxd3 Ra8 32. Bxb5 Rxa3 33. Bc4
Ra4 34. Bxe6 fxe6 35. Rxe6 Rxb4 36. Rxe7 Rb2 37. Ra7 Rc2 38. Rb7 Ra2 39. Rc7
Rb2 40. Ra7 Rc2 41. Ra3 Kg7 42. Rf3 Kf6 43. Rf2 Rc1+ 44. Kg2 g5 45. Kh3 h5 46.
Ra2 gxf4 47. Rf2 Kg6 48. gxf4 Rc3+ 49. Kh4 Rc4 50. Kg3 Kf5 51. Kh4 Kg6 52. Kg3
1/2-1/2